| 000 | 00671cam a22002053a 4500 | ||
|---|---|---|---|
| 001 | 44197 | ||
| 003 | PGUSA | ||
| 005 | 20140828084017.0 | ||
| 008 | 131116s2013||||xxu|||||s|||||000 | eng d | ||
| 040 |
_aPGUSA _beng |
||
| 042 | _adc | ||
| 100 | 1 |
_aTheilhaber, Felix A. _q(Felix Aaron) |
|
| 245 | 1 | 0 |
_aDie Schädigung der Rasse : _bdurch soziales und wirtschaftliches Aufsteigen bewiesen an den Berliner Juden _h[electronic resource] / _cFelix A. Theilhaber |
| 260 |
_bProject Gutenberg, _c2013 |
||
| 506 | _aPublic domain in the USA. | ||
| 516 | _aElectronic text | ||
| 830 | 0 |
_aProject Gutenberg _v44197 |
|
| 856 | 4 | 0 | _uhttp://www.gutenberg.org/ebooks/44197 |
| 942 | _cEB | ||
| 999 |
_c273448 _d273448 |
||